000
00319 a2200109 4500
001
ART_14128
005
20260410161912.0
008
260409a
245
1
0
_a
An application of duality theory
100
1
_a
Conrad, Klaus
773
0
_t
European economic review
_g
- Vol. 13, NÂș 2 (mar. 1980)
_w
REV13346
999
_c
26900
_d
26900